One Step Closer - Linkin Park (All Lyrics) - Statistics

General Stats
  • This quiz has been taken 218 times
  • The average score is 249 of 296
Answer Stats
Lyrics % Correct
one
99%
I
98%
a
97%
closer
97%
step
97%
the
96%
to
96%
to)
96%
break)
95%
break
95%
I'm
95%
(I'm
95%
about
94%
edge)
94%
me
93%
Break
92%
(break, break, break, break, break)
92%
(And
91%
and
91%
you
91%
everything
87%
Everything
87%
say
86%
in
79%
Just
77%
like
77%
no
77%
before
76%
take
76%
need
75%
find
74%
make
74%
room
74%
little
73%
these
72%
All
71%
sense
71%
they
70%
this
70%
ignorance
69%
cannot
68%
('Cause
68%
said
68%
when
68%
anymore
67%
breathe
65%
Shut
64%
shut
64%
so
64%
talking
64%
up
64%
up,
64%
up!
64%
(Takes
63%
clear
62%
way
62%
again
61%
Over
61%
over
61%
that
61%
answers
60%
disappear
60%
anyway
59%
Less
58%
less
58%
out
58%
words,
58%
bliss
57%
could
57%
hear,
57%
thoughts,
57%
Wish
56%
away
55%
go
55%
I've
55%
Saying
55%
seems
54%
Nothing
53%
You'll
52%
aren't
44%
No matching quizzes found
Score Distribution
Percent of People with Each Score
Percentile by Number Answered
Your Score History
You have not taken this quiz